| 000 | 00421nam a2200109Ia 4500 | ||
|---|---|---|---|
| 008 | 171204s9999 xx 000 0 und d | ||
| 245 | _aE-Business and Telecommunications: 11th International Joint Conference, ICETE 2014, Vienna | ||
| 245 | _cAndreas Holzinger, Joaquim Filipe, and Mohammad S. Obaidat | ||
| 260 | _c2015 | ||
| 650 | _xE-Business/Multimedia Solutions | ||
| 856 | _uhttp://down.ebook777.com/046/3319259148.pdf | ||
| 999 |
_c347147 _d347147 |
||